Comunicaciones y redes de procesamiento de datos (Registro nro. 624)
[ vista simple ]
| 000 -LEADER | |
|---|---|
| fixed length control field | 01253 a2200217 4500 |
| 001 - CONTROL NUMBER | |
| control field | 15176 |
| 005 - DATE AND TIME OF LATEST TRANSACTION | |
| control field | 20260407155449.0 |
| 008 - FIXED-LENGTH DATA ELEMENTS--GENERAL INFORMATION | |
| fixed length control field | 260407a1987 arg spa d |
| 003 - CONTROL NUMBER IDENTIFIER | |
| control field | AR-UNSa-BCEJYS |
| 040 ## - CATALOGING SOURCE | |
| Original cataloging agency | AR-UNSa-BCEJYS |
| Language of cataloging | spa |
| Transcribing agency | AR-UNSa-BCEJYS |
| 080 ## - UNIVERSAL DECIMAL CLASSIFICATION NUMBER | |
| Universal Decimal Classification number | 004.7 |
| Common auxiliary subdivision | Comunicación informática. Redes de ordenadores |
| 020 ## - INTERNATIONAL STANDARD BOOK NUMBER | |
| International Standard Book Number | 968-422-147-9 |
| 100 1# - MAIN ENTRY--PERSONAL NAME | |
| Personal name | González Sainz, Néstor |
| 245 10 - TITLE STATEMENT | |
| Title | Comunicaciones y redes de procesamiento de datos |
| 264 #1 - PRODUCTION, PUBLICATION, DISTRIBUTION, MANUFACTURE, AND COPYRIGHT NOTICE | |
| Place of production, publication, distribution, manufacture | México : |
| Name of producer, publisher, distributor, manufacturer | McGraw-Hill |
| Date of production, publication, distribution, manufacture, or copyright notice | 1987 |
| 300 ## - PHYSICAL DESCRIPTION | |
| Extent | 396 p. |
| Dimensions | 23 cm. |
| 505 ## - FORMATTED CONTENTS NOTE | |
| Formatted contents note | 1. Introducción - 2. Conceptos y definiciones básicas - 3. Elementos de un sistema de comunicaciones - 4. Medios físicos de transmisión - 5. Detección y corrección de errores de transmisión - 6. Disciplinas de comunicaciones - 7. Conceptos de redes de procesamiento de datos - 8. Redes locales LAN (Local Area Network) - 9. Redes públicas de datos PDN Public Data Network - 10. SNA (System Network Architecture) - 11. DCNA (Data Communications Network Architecture) - 12. DECNET - 13. DSE Y DSA - 14. Redes privadas y servicios especiales |
| 590 ## - LOCAL NOTE (RLIN) | |
| Local note | niveau_biblio:m niveau_hierar:0 |
| 856 41 - ELECTRONIC LOCATION AND ACCESS | |
| Uniform Resource Identifier | <a href="https://www.biblioeco.unsa.edu.ar/pmb/images/libros/15176.jpg">https://www.biblioeco.unsa.edu.ar/pmb/images/libros/15176.jpg</a> |
| Link text | Imagen de portada |
| Electronic format type | image/jpeg |
| 942 ## - ADDED ENTRY ELEMENTS (KOHA) | |
| Koha item type | |
| Withdrawn status | Lost status | Damaged status | Not for loan | Home library | Current library | Shelving location | Date acquired | Total checkouts | Full call number | Barcode | Date last seen | Price effective from | Koha item type |
|---|---|---|---|---|---|---|---|---|---|---|---|---|---|
| Biblioteca Prof. Eusebio Cleto del Rey | Biblioteca Prof. Eusebio Cleto del Rey | 07/04/2026 | 004.7 G642 | L118999 | 07/04/2026 | 07/04/2026 | Libro |